000 00625cam a2200145 4500500
005 20250928003404.0
041 _afre
042 _adc
100 1 0 _aSénac, Philippe
_eauthor
245 0 0 _aCyrille Aillet, L’archipel ibadite. Une histoire des marges du Maghreb médiéval, CIHAM Éd., Lyon–Avignon, 2021 ; 1 vol., 582 p. (Mondes médiévaux, 5). ISBN : 978-2-95684-264-4. Prix : € 45,00
260 _c2025.
500 _a89
786 0 _nLe Moyen Age | CXXXI | 1 | 2025-09-16 | p. 184-187 | 0027-2841
856 4 1 _uhttps://shs.cairn.info/revue-le-moyen-age-2025-1-page-184?lang=fr&redirect-ssocas=7080
999 _c1511267
_d1511267